IX Curso taller sobre producción, comercialización e industrialización de ajo
Enregistré dans:
| Auteur principal: | |
|---|---|
| Format: | Livre |
| Langue: | espagnol |
| Publié: |
Mendoza
INTA
2005
|
| Sujets: | |
| Tags: |
Ajouter un tag
Pas de tags, Soyez le premier à ajouter un tag!
|
MARC
| LEADER | 00000nam a2200000 a 4500 | ||
|---|---|---|---|
| 001 | UCI4722 | ||
| 003 | CL-VaPUC | ||
| 005 | 20250225091248.0 | ||
| 008 | 080125e20050000ag 1 spa d | ||
| 082 | 0 | 4 | |a 635.26 |b BUR |2 21 |
| 100 | 1 | |a Burba, José Luis |e author |9 621122 | |
| 245 | 1 | 0 | |a IX Curso taller sobre producción, comercialización e industrialización de ajo |
| 260 | |a Mendoza |b INTA |c 2005 | ||
| 300 | |a 213 p | ||
| 583 | |a last modification |c 20190828 10:24:03 |k Rodrigo Vera | ||
| 650 | 0 | 0 | |a Ajo (Allium sativum) |9 264164 |
| 650 | 0 | 0 | |a Ajo (Allium sativum) |9 264164 |
| 650 | 0 | 0 | |a Fitomejoramiento |9 473695 |
| 650 | 0 | 0 | |a Cultivo |9 264268 |
| 650 | 0 | 0 | |a Protección vegetal |9 621124 |
| 650 | 0 | 0 | |a Cosecha |9 259688 |
| 650 | 0 | 0 | |a Postcosecha |9 325633 |
| 650 | 0 | 0 | |a Comercio |9 255341 |
| 942 | |c BK | ||
| 945 | |a jtorresc |d 20080125 00:00:00 | ||
| 546 | |a En Español | ||
| 536 | |a Estación Experimental Agropecuaria La Consulta | ||
| 518 | |p Curso Taller sobre Producción Comercialización e Industrialización de Ajo, 9, Mendoza, 29 de Junio al 2 de Julio de 2005 | ||
| 999 | |c 384322 |d 384320 | ||
| 952 | |0 0 |1 0 |4 0 |6 635_260000000000000_BUR_2005 |7 0 |8 A |9 506982 |a BIBAGR |b BIBAGR |d 2020-01-23 |i 4406338 |o 635.26 BUR 2005 |p 4406338 |r 2025-01-20 |w 2020-01-23 |y BK |k AGR | ||